| 000 | 00634nam a2200193 4500 | ||
|---|---|---|---|
| 003 | OSt | ||
| 005 | 20240726014455.0 | ||
| 006 | a | ||
| 008 | 240726b |||||||| |||| 00| 0 eng d | ||
| 020 | _a9789712723131 | ||
| 040 |
_aDWCL-Main lib. _cOC |
||
| 082 | _aFil. 346.048 P592g 2010 | ||
| 100 | _aPichay, Nicolas B. | ||
| 245 | _aA guide to theintellectual property code of the Philippines : understanding the law, empowering the artist / | ||
| 260 |
_aPasig City: _bAnvil Pub., Inc, _cc2010. |
||
| 300 |
_b121 p. ; _c22 cm. |
||
| 650 | _a1. Intellectual property-Law and legislation-Philippines. | ||
| 942 |
_2ddc _n0 _cBK - FIL _kFil. |
||
| 999 |
_c2772 _d2772 |
||